Understanding people : models and concepts

Bibliographic Details
Main Authors: Boshear, Walton C. (Author), Albrecht, Karl G. (Author)
Format: Book
Language:English
Published: San Diego, California : University Associates 1977
Subjects:

MARC

LEADER 00000cam a2200000 7i4500
001 0000001365
005 20240909.0
008 240830 cau a eng
020 |a 0883901153 (pbk) 
040 |a INS   |b eng   |e rda 
090 0 0 |a RHF5548.8   |b .B67 1977 
100 1 |a Boshear, Walton C. ,   |e author 
245 1 0 |a Understanding people :   |b models and concepts   |c Walton C. Boshear, Karl G. Albrecht 
264 1 |a San Diego, California :   |b University Associates   |c 1977 
264 4 |c ©1977 
300 |a xi, 275 pages :   |b illustrations ;   |c 23 cm. 
336 |a text  |2 rdacontent 
337 |a unmediated  |2 rdamedia 
338 |a volume  |2 rdacarrier 
500 |a Includes index 
650 0 |a Comprehension 
650 0 |a Interpersonal relations 
700 1 |a Albrecht, Karl G. ,   |e author 
999 |a 0000001139   |b BOOK   |c Reference   |e Default branch